Statistiques concernant Pokémon-Objets d'évolution

Cliquez ici pour prendre le quiz!

Statistiques générales

  • Ce quiz a été pris 47 fois
    (31 depuis la dernière actualisation)
  • Le résultat moyen est 9 sur 15

Statistiques - réponses

IndicationObjet d'évolution% Correct
Apparue dans la 2ème génération, cet objet ressemble à une couronne.Roche Royale
88%
Ressemble à un Polichombr.Tissu Fauche
88%
Fait évoluer Tarinor dans Légendes Pokémon Arceus. Sacha a un passif avec cet objet.Pierre Foudre
85%
Augmente aussi la puissance des capacités de type Acier.Peau Métal
81%
Un Pokémon de Kanto et sa forme de Hisui en ont besoin pour évoluer, elle est jaune.Pierre Feu
73%
Permet à 4 Pokémons d'évoluer, tous de type Spectre.Pierre Nuit
69%
Achetable au magasin d'Illumis "Le Joyau d'Illumis". Un des Pokémon de Pierre s'en sert pour évoluer.Pierre Eau
54%
Ne fait évoluer qu'un Pokémon, est présent dans Donjon Mystère, peut faire évoluer un Pokémon de la Centrale à Kanto.Electriseur
50%
Objet odorant apparu dans X et Y.Sachet Senteur
50%
Prism Scale en anglais, cet objet n'est utilisé pour l'évolution que depuis la 5ème génération.Bel'Ecaille
46%
Mise à jour que l'on peut obtenir dès Diamant & Perle.CD Douteux
46%
Un des deux objets d'évolution d'un Pokémon à coquille.Ecaille Océan
38%
Objet d'évolution exclusif à Ecarlate & Violet mais aussi Pokémon Go, attrapez-les toutes je dirais!Pièce de Mordudor
35%
Objet endémique de Hisui, permettant de faire évoluer un Pokémon d'Hector, Champion de Johto.Obsidienne
31%
Introduit dans Diamant & Perle. Lugia est celui des abysses.Protecteur
15%

Distribution des résultats

Percentile par nombre de réponses

% des personnes avec chaque résultat

Votre développement - résultats

Vous n’avez pas pris ce quiz depuis la dernière actualisation